000 01098cab a22002055a 4500
001 L156996
008 120807e2012 xxk 000 0 eng d
035 _a(Sirsi) u156996
041 0 _aeng
100 1 _aHaslett, Emma
245 0 0 _aMarkets
_bnorth London
260 _c2012
490 0 _aProperty Week
_v78(31) 3 August 2012, 37-40(4)
520 _aSurvey of recent commercial property activity in north London. Homes, shops and transport are cornerstones in "Tottenham in 2025" report's regeneration plans. Describes three schemes aiming to bring Tottenham back to life: Spurs' stadium investment; Hale Village; and Ward's Corner around Seven Sisters station. Hammerson will resist any attempts to turn Brent Cross into Westfield North London and push on with its own plans to extend the shopping centre and a 250 acre mixed-development scheme in Cricklewood. Quintain is to sell assets at its Wembley City devlopment to recycle capital and reduce its £535m debt.
590 _aKA
651 4 _aLondon
690 _aCommercial property
_96227
700 1 _aHatcher, David
942 _n0
999 _c84224
_d84224